The Adventures of Huckleberry Finn (Record no. 8792)

MARC details
000 -LEADER
fixed length control field 00988nam a22002177a 4500
003 - CONTROL NUMBER IDENTIFIER
control field OSt
005 - DATE AND TIME OF LATEST TRANSACTION
control field 20260310004910.0
008 - FIXED-LENGTH DATA ELEMENTS--GENERAL INFORMATION
fixed length control field 260310b |||||||| |||| 00| 0 eng d
020 ## - INTERNATIONAL STANDARD BOOK NUMBER
International Standard Book Number 9781402724992
040 ## - CATALOGING SOURCE
Original cataloging agency DWCL GS lib
Transcribing agency OC
082 ## - DEWEY DECIMAL CLASSIFICATION NUMBER
Edition number Fic. H678 2006
100 ## - MAIN ENTRY--PERSONAL NAME
Personal name Andreasen Dan
245 ## - TITLE STATEMENT
Title The Adventures of Huckleberry Finn
Statement of responsibility, etc. Dan Andreasen
260 ## - PUBLICATION, DISTRIBUTION, ETC.
Place of publication, distribution, etc. New York
Name of publisher, distributor, etc. Sterling Publishing Co., Inc.
Date of publication, distribution, etc. 2006
300 ## - PHYSICAL DESCRIPTION
Extent Extent- vii, 153 pages:
Other physical details illustrations ;
Dimensions 23cm
520 ## - SUMMARY, ETC.
Summary, etc. a young boy fleeing his abusive father, and Jim, a man escaping slavery, on a picaresque journey down the Mississippi River.
650 ## - SUBJECT ADDED ENTRY--TOPICAL TERM
Topical term or geographic name entry element a young boy escaping from his abusive father, and Jim, a runaway slave, as they travel down the Mississippi River in pre-Civil War America.
650 ## - SUBJECT ADDED ENTRY--TOPICAL TERM
Topical term or geographic name entry element value empathy and individual humanity over society's "deformed" conscience, culminating in his decision to protect Jim at the risk of his own salvation.
700 ## - ADDED ENTRY--PERSONAL NAME
Personal name Mark Twain
942 ## - ADDED ENTRY ELEMENTS (KOHA)
Source of classification or shelving scheme Dewey Decimal Classification
Koha item type Fiction
Suppress in OPAC No
952 ## - LOCATION AND ITEM INFORMATION (KOHA)
--
Holdings
Withdrawn status Lost status Source of classification or shelving scheme Damaged status Not for loan Home library Current library Date acquired Total Checkouts Full call number Date last seen Price effective from Koha item type Uniform Resource Identifier
    Dewey Decimal Classification     College Library College Library 03/18/2026   Fic. H678 2006 03/18/2026 03/18/2026 FIC.